Famine on the wind; (Record no. 122)
[ view plain ]
| 000 -LEADER | |
|---|---|
| fixed length control field | 00521nam a2200157 4500 |
| 020 ## - INTERNATIONAL STANDARD BOOK NUMBER | |
| ISBN | 0207950539 |
| 050 00 - CALL NUMBER | |
| Classification number | SB603 |
| Item number | .C27 CAR |
| 100 1# - AUTHOR | |
| Personal name | Carefoot, G. L. |
| 245 10 - TITLE | |
| Title | Famine on the wind; |
| Remainder of title | plant diseases and human history |
| Statement of responsibility, etc | [by] G. L. Carefoot and E. R. Sprott; with a foreword by Sir Julian Huxley. |
| 260 ## - PUBLICATION INFORMATION | |
| Place of publication | London, |
| Name of publisher | Angus & Robertson, |
| Year of publication | 1969. |
| 300 ## - DESCRIPTION | |
| Number of Pages | 222 p. |
| Dimensions | 23 cm. |
| 500 ## - NOTES | |
| General note | INCLUDES BIBLIOGRAPHIC REFERENCE AND INDEX |
| 650 #0 - SUBJECTS | |
| Topical Term | Plant diseases |
| General subdivision | History. |
| 700 1# - OTHER AUTHORS | |
| Personal name | Sprott, E. R., |
| 942 ## - ADDED ENTRY ELEMENTS (KOHA) | |
| Koha item type | Books |
| Withdrawn status | Lost status | Home library | Current library | Date acquired | Full call number | Accession Number | Koha item type |
|---|---|---|---|---|---|---|---|
| Methodist University Library Wenchi Faculty | Methodist University Library Wenchi Faculty | 12/10/2017 | SB603 .C27 CAR | 36598 | Books |